000 00818nam a22002057a 4500
003 0
005 20241010133453.0
008 241010b xxu||||| |||| 00| 0 eng d
020 _a9781394173327
050 _aQ 325.5
_b.M33 2024
245 _aMachine learning applications :
_bfrom computer vision to robotics /
_cedited by Indranath Chatterjee and Sheetal Zalte.
260 _aHoboken, New Jersey :
_bWiley-IEEE Press,
_c2024.
300 _axvi, 221 p. :
_bill. ;
_c24 cm.
504 _aIncludes bibliographical references and index.
650 _aMachine learning
_vIndustrial applications.
650 _aMachine learning
_vScientific applications.
650 _aDeep learning (Machine learning)
_vIndustrial applications.
650 _aDeep learning (Machine learning)
_vScientific applications.
942 _2lcc
_cBK
999 _c366496
_d366496